Νεοελληνικός λόγος : μελέτες για τη γλώσσα, τη λογοτεχνία και το ύφος
Αποθηκεύτηκε σε:
| Κύριος συγγραφέας: | |
|---|---|
| Μορφή: | Βιβλίο |
| Γλώσσα: | Greek |
| Δημοσίευση: |
Αθήνα :
Νεφέλη,
1992
|
| Σειρά: | Γλωσσολογία (Νεφέλη)
; 7 |
| Θέματα: | |
| Ετικέτες: |
Προσθήκη ετικέτας
Δεν υπάρχουν, Καταχωρήστε ετικέτα πρώτοι!
|
MARC
| LEADER | 00000nam a2200000 i 4500 | ||
|---|---|---|---|
| 001 | 1/99989 | ||
| 008 | 950406s1992 gre d | ||
| 020 | |a 960-211-133-X | ||
| 035 | |a 1993 |b 1 |c Μηνάς |l 10011519 | ||
| 035 | |a 1998 |b 2 |c ΚΠΣ/ΔΕ | ||
| 040 | |a GR-MY-UA |b gre |e aacr | ||
| 041 | 0 | |a gre | |
| 082 | 0 | |a 489.3 | |
| 100 | 1 | |a Χαραλαμπάκης, Χριστόφορος |d 1948- | |
| 245 | 1 | 0 | |a Νεοελληνικός λόγος : |b μελέτες για τη γλώσσα, τη λογοτεχνία και το ύφος / |c Χριστόφορος Χαραλαμπάκης |
| 260 | |a Αθήνα : |b Νεφέλη, |c 1992 | ||
| 300 | |a 381 σ.; |b εικ.; |c 25 cm | ||
| 490 | 1 | |a Γλωσσολογία (Νεφέλη) |v ; 7 | |
| 504 | |a Περιέχει βιβλιογραφία και ευρετήριο | ||
| 650 | 0 | 0 | |a Greek philology, Modern. |
| 830 | 0 | |a Γλωσσολογία (Νεφέλη) |v ; 7 | |
| 852 | |a INST |b LESVOS |e 19950406 |h 489.3 XAP |p 005100001762 |q 005100001762 |t BK |y 0 | ||
| 852 | |a INST |b RHODES |e 19990204 |h 489.3 ΧΑΡ |p 005400005514 |q 005400005514 |t BK |y 0 | ||
| 852 | |a INST |b RHODES |e 19961003 |h 489.3 ΧΑΡ |p 005400008730 |q 005400008730 |t BK |y 0 | ||
| 909 | |a Λ |b 025946 | ||
| 909 | |a Ρ |b 025030 |c 1993 | ||
| 909 | |a Ρ |b 058758 |c 1998 | ||